01821nam a2200337 4500001000400000003000400004005001700008008004100025020001500066040000800081041001300089082001500102100004000117240002800157245009300185260003200278300001100310520078600321650002901107650001701136650001701153650003401170650002001204650002001224655001601244655002001260700004301280942001501323952013201338999001301470181OSt20250528074014.0250131b |||||||g |||| 00| 1 eng d a8532505163 bpor hengapor a813bC928g1 aCrichton, Michael,d1942-2008.9335 aThe great train robbery aO grande roubo do trem /cCrichton, Michael ; Tradução de Aulyde de Soares Rodrigues aRio de JaneirobRoccoc1995 a263 p. aThe Great Train Robbery -- O grande roubo do trem é baseado em um crime ocorrido na Inglaterra de 1854. Num golpe espetacular, um cavalheiro aristocrático, um chaveiro e um guarda escolhem um trem como palco para o teatral roubo de doze mil libras em barras de ouro, de um cofre-vagão hermeticamente fechado. Para completar o quadro, um famoso homem-aranha protagoniza fuga debochada, escalando os muros da prisão. Utilizando fontes como o testemunho real dos criminosos no tribunal, em 1856, Crichton mais uma vez investe no romance bibliográfico, apresentando uma história cujo fascínio está no detalhe e na secreta admiração que os mais rígidos personagens vitorianos nutriam pelos ladrões, num exercício de compensação aos padrões da época. 0aLiteratura Americana984 0aAventura947 0aSuspense910 0aCrime e Investigação 913 0aFatos Reais933 0aClássicos977 0aRomance923 0aFicção 922 aAulyde Soares RodrigueseTradutor9302 2ddcn0cBK 00102ddc40708FICaBIBIBbBIBIBcLEd1998-06-05edoaçãol0o813 / C928gp2025-10992r2025-01-31 07:47:58w2025-01-31yBK c181d181